000 00338nam a2200133Ia 4500
008 220216s9999 xx 000 0 und d
100 _aSaj Mathews A
245 0 _aKaliyar estate preserving a bygone legacy
260 _bRubber Asia
_c2016
300 _a150-153
500 _aSource Year: 2016
650 _aKaliyar estate
942 _cJS
999 _c61823
_d61823